UM Logo

Theory, practice and techniques in cell biology/ (Record no. 14464)

MARC details
000 -LEADER
fixed length control field 00578nam a22001697a 4500
008 - FIXED-LENGTH DATA ELEMENTS--GENERAL INFORMATION
fixed length control field 190925b ||||| |||| 00| 0 eng d
020 ## - INTERNATIONAL STANDARD BOOK NUMBER
International Standard Book Number 9781680947502
082 ## - DEWEY DECIMAL CLASSIFICATION NUMBER
Edition number 2018
Classification number DC 571.6
Item number T343
100 ## - MAIN ENTRY--PERSONAL NAME
Personal name Edited by 3G E-learning, LLC, USA
9 (RLIN) 39941
245 ## - TITLE STATEMENT
Title Theory, practice and techniques in cell biology/
Statement of responsibility, etc. edited by 3G E-learning LLC, USA
260 ## - PUBLICATION, DISTRIBUTION, ETC. (IMPRINT)
Place of publication, distribution, etc. New York:
Name of publisher, distributor, etc. 3G E-learning LLC,
Date of publication, distribution, etc. c2018.
300 ## - PHYSICAL DESCRIPTION
Extent vi, 282 pages:
Other physical details illustrations;
Dimensions 23 cm.
500 ## - GENERAL NOTE
General note Include index.
650 ## - SUBJECT ADDED ENTRY--TOPICAL TERM
Topical term or geographic name as entry element Cells.
9 (RLIN) 39945
650 ## - SUBJECT ADDED ENTRY--TOPICAL TERM
Topical term or geographic name as entry element Cell Physiological Phenomena.
9 (RLIN) 39946
942 ## - ADDED ENTRY ELEMENTS (KOHA)
Source of classification or shelving scheme Dewey Decimal Classification
Koha item type Circulation
Holdings
Withdrawn status Lost status Source of classification or shelving scheme Damaged status Not for loan Collection code Home library Current library Date acquired Source of acquisition Total Checkouts Full call number Barcode Date last seen Cost, replacement price Price effective from Koha item type
    Dewey Decimal Classification     Circulation UM Digos College - LIC UM Digos College - LIC 08/08/2019 Purchase   DC 571.6 T343 2018 25590 05/15/2025 4793.00 09/25/2019 Circulation